<?xml version="1.0" encoding="UTF-8"?>
<record
    xmlns:xsi="http://www.w3.org/2001/XMLSchema-instance"
    xsi:schemaLocation="http://www.loc.gov/MARC21/slim http://www.loc.gov/standards/marcxml/schema/MARC21slim.xsd"
    xmlns="http://www.loc.gov/MARC21/slim">

  <leader>01140nam a2200181Ia 4500</leader>
  <controlfield tag="008">100920s9999    xx            000 0 und d</controlfield>
  <datafield tag="082" ind1=" " ind2=" ">
    <subfield code="b">79542</subfield>
    <subfield code="a">23 &#x928; 01</subfield>
  </datafield>
  <datafield tag="100" ind1=" " ind2=" ">
    <subfield code="a">&#x938;&#x902;&#x915;. / &#x938;&#x941;&#x92F;&#x936; &#x915;&#x949;&#x92E;&#x94D;&#x92A;&#x94D;&#x92F;&#x941;&#x91F;&#x930;&#x94D;&#x938; ,&#x92A;&#x941;&#x923;&#x947;.</subfield>
  </datafield>
  <datafield tag="245" ind1=" " ind2=" ">
    <subfield code="a">Notes For &#x915;&#x949;&#x92E;&#x94D;&#x92A;&#x94D;&#x92F;&#x941;&#x91F;&#x930; &#x915;&#x94B;&#x930;&#x94D;&#x938; --12 &#x939;&#x93E;&#x930;&#x94D;&#x921; &#x935;&#x947;&#x905;&#x930; / &#x938;&#x949;&#x92B;&#x94D;&#x91F;&#x935;&#x947;&#x905;&#x930; &#x907;&#x928;&#x94D;&#x938;&#x94D;&#x91F;&#x949;&#x932;&#x947;&#x936;&#x928; &#x906;&#x923;&#x93F; &#x91F;&#x94D;&#x930;&#x92C;&#x932; &#x936;&#x941;&#x91F;&#x93F;&#x902;&#x917;.</subfield>
  </datafield>
  <datafield tag="260" ind1=" " ind2=" ">
    <subfield code="b">&#x938;&#x92E;&#x94D;&#x930;&#x93E;&#x91F; &#x92A;&#x94D;&#x930;&#x915;&#x93E;&#x936;&#x928; ,&#x92E;&#x941;&#x902;&#x92C;&#x908;.</subfield>
    <subfield code="c">2001</subfield>
  </datafield>
  <datafield tag="300" ind1=" " ind2=" ">
    <subfield code="a">312</subfield>
    <subfield code="b">&#x938;&#x93E;&#x927;&#x940;</subfield>
  </datafield>
  <datafield tag="365" ind1=" " ind2=" ">
    <subfield code="b">125</subfield>
  </datafield>
  <datafield tag="520" ind1=" " ind2=" ">
    <subfield code="a">&#x915;&#x949;&#x92E;&#x94D;&#x92A;&#x94D;&#x92F;&#x941;&#x91F;&#x930;.</subfield>
  </datafield>
  <datafield tag="630" ind1=" " ind2=" ">
    <subfield code="a">Notes For &#x915;&#x949;&#x92E;&#x94D;&#x92A;&#x94D;&#x92F;&#x941;&#x91F;&#x930; &#x915;&#x94B;&#x930;&#x94D;&#x938; --12 &#x939;&#x93E;&#x930;&#x94D;&#x921; &#x935;&#x947;&#x905;&#x930; / &#x938;&#x949;&#x92B;&#x94D;&#x91F;&#x935;&#x947;&#x905;&#x930; &#x907;&#x928;&#x94D;&#x938;&#x94D;&#x91F;&#x949;&#x932;&#x947;&#x936;&#x928; &#x906;&#x923;&#x93F; &#x91F;&#x94D;&#x930;&#x92C;&#x932; &#x936;&#x941;&#x91F;&#x93F;&#x902;&#x917;.</subfield>
  </datafield>
  <datafield tag="650" ind1=" " ind2=" ">
    <subfield code="a">&#x915;&#x949;&#x92E;&#x94D;&#x92A;&#x94D;&#x92F;&#x941;&#x91F;&#x930;.</subfield>
  </datafield>
  <datafield tag="730" ind1=" " ind2=" ">
    <subfield code="a">Notes For &#x915;&#x949;&#x92E;&#x94D;&#x92A;&#x94D;&#x92F;&#x941;&#x91F;&#x930; &#x915;&#x94B;&#x930;&#x94D;&#x938; --12 &#x939;&#x93E;&#x930;&#x94D;&#x921; &#x935;&#x947;&#x905;&#x930; / &#x938;&#x949;&#x92B;&#x94D;&#x91F;&#x935;&#x947;&#x905;&#x930; &#x907;&#x928;&#x94D;&#x938;&#x94D;&#x91F;&#x949;&#x932;&#x947;&#x936;&#x928; &#x906;&#x923;&#x93F; &#x91F;&#x94D;&#x930;&#x92C;&#x932; &#x936;&#x941;&#x91F;&#x93F;&#x902;&#x917;.</subfield>
  </datafield>
  <datafield tag="942" ind1=" " ind2=" ">
    <subfield code="c">BOOK</subfield>
  </datafield>
  <datafield tag="999" ind1=" " ind2=" ">
    <subfield code="c">720546</subfield>
    <subfield code="d">720543</subfield>
  </datafield>
  <datafield tag="952" ind1=" " ind2=" ">
    <subfield code="0">0</subfield>
    <subfield code="1">0</subfield>
    <subfield code="4">0</subfield>
    <subfield code="7">0</subfield>
    <subfield code="a">SATVAC</subfield>
    <subfield code="b">SATVAC</subfield>
    <subfield code="c">23 &#x928; 01</subfield>
    <subfield code="d">0000-00-00</subfield>
    <subfield code="g">125.00</subfield>
    <subfield code="l">0</subfield>
    <subfield code="p">SATVAC-79542</subfield>
    <subfield code="r">2010-09-20 00:00:00</subfield>
    <subfield code="w">2010-09-20</subfield>
    <subfield code="y">BOOK</subfield>
    <subfield code="z">&#x926;&#x947;&#x935;&#x918;&#x947;&#x935;</subfield>
  </datafield>
</record>
